000 00569 a2200217 4500
260 _aParis
630 _a62 - Ingenierie. Art de lingenieur. Technologie en general
650 _a6 - SCIENCES APPLIQUEES
100 _aBondeville, Denys
260 _bEd. Eyrolles
245 _aWorld Wide Web : Guide pratique de Nescape et Mosaic : version Windows et Macintosh
300 _axii - 320p.
650 _aNavigation : TIC
260 _c1981
300 _b22cm.
100 _lFr
037 _aL. 14045
020 _a2-212-08903-1
999 _c39356
_d39356